MARC

LEADER 00000nam0a2200000 4500
001 315456
005 20231102002800.0
035 |a (RuTPU)RU\TPU\book\340891 
090 |a 315456 
100 |a 20160301d1982 m y0rusy50 ca 
101 0 |a rus 
102 |a RU 
105 |a a j 001zy 
200 1 |a Организация, планирование и управление промышленным предприятием  |e учебник для вузов  |f под ред. Д. М. Крука 
210 |a Москва  |c Экономика  |d 1982 
215 |a 375 с.  |c ил. 
320 |a Алф.-предм. указ.: с. 369-375 
606 1 |a Промышленные предприятия  |x Экономика  |2 stltpush  |3 (RuTPU)RU\TPU\subj\52720  |9 71123 
610 1 |a организация производства 
610 1 |a планирование 
610 1 |a управление 
610 1 |a техническая подготовка 
610 1 |a производство 
610 1 |a научно-технический прогресс 
610 1 |a хозрасчетная деятельность 
610 1 |a продукция 
610 1 |a себестоимость 
610 1 |a прибыль 
610 1 |a рентабельность 
610 1 |a учебники 
686 |a У9(2)30я73  |v LBC/SL-A  |2 rubbk 
702 1 |a Крук  |b Д. М.  |g Давид Моисеевич  |4 340 
801 1 |a RU  |b 63413507  |c 20160301 
801 2 |a RU  |b 63413507  |c 20200529  |g RCR 
942 |c BK